[Event "AUT-chT (Women) 2223"]
[Site "Austria"]
[Date "2022.10.22"]
[Round "2.2"]
[White "Hoolt, Sarah"]
[Black "Deak Sala, Emilia"]
[Result "1-0"]
[WhiteElo "2288"]
[BlackElo "1959"]
[PlyCount "145"]
[EventDate "2022.10.21"]
[EventType "team-tourn"]
[EventRounds "9"]
[EventCountry "AUT"]
[SourceTitle "EXT 2024"]
[Source "ChessBase"]
[SourceDate "2023.10.10"]
[SourceVersion "1"]
[SourceVersionDate "2023.10.10"]
[SourceQuality "1"]
[WhiteTeam "Pamhagen (W)"]
[BlackTeam "Wien KJSV (W)"]
[WhiteTeamCountry "AUT"]
[BlackTeamCountry "AUT"]

1. e4 c5 2. d3 Nc6 3. g3 g6 4. Bg2 Bg7 5. f4 d6 6. Nf3 e6 7. 0-0 Nge7 8. c3 0-0 9. Be3 Rb8 10. d4 cxd4 11. cxd4 d5 12. e5 b5 13. Nc3 Ba6 14. Re1 Nc8 15. Rc1 Qd7 16. Bf2 Nb6 17. Bf1 b4 18. Bxa6 bxc3 19. b3 Nb4 20. Qe2 Nxa6 21. Qxa6 Rfc8 22. Re3 Bf8 23. Qe2 Bb4 24. Ne1 Rc7 25. Nd3 Ba3 26. Rc2 Rbc8 27. g4 a5 28. Rh3 a4 29. Nc5 Bxc5 30. dxc5 axb3 31. axb3 Na8 32. Bd4 Rc6 33. Rhxc3 Qb7 34. Rg3 Nc7 35. f5 Qb4 36. Qe3 Nb5 37. Rd2 Nxd4 38. Qxd4 Qxd4+ 39. Rxd4 Rxc5 40. Rd2 Rc1+ 41. Kf2 Rh1 42. Ke3 Re1+ 43. Re2 Rxe2+ 44. Kxe2 exf5 45. gxf5 Rc2+ 46. Kd3 Rxh2 47. Kd4 Rd2+ 48. Kc5 Kf8 49. f6 Ke8 50. Kd6 Ra2 51. b4 Ra6+ 52. Kxd5 Kd7 53. Rd3 h5 54. b5 Ra1 55. Ke4+ Ke8 56. Rb3 Kd7 57. b6 Ra8 58. b7 Rb8 59. Kf4 Ke6 60. Rb6+ Kd7 61. Kg5 Kc7 62. Rb1 Kd7 63. Kh6 Ke6 64. Kg7 h4 65. Rb6+ Kxe5 66. Kxf7 h3 67. Rb5+ Kd6 68. Kxg6 Ke6 69. f7 Ke7 70. Kg7 h2 71. Re5+ Kd6 72. Rh5 Rxb7 73. Rxh2 1-0

[Event "Vienna State-chB"]
[Site "Vienna"]
[Date "2022.09.25"]
[Round "9"]
[White "Wickramasinghe, Nathaniel"]
[Black "Deak Sala, Emilia"]
[Result "1-0"]
[WhiteElo "1760"]
[BlackElo "1787"]
[PlyCount "83"]
[EventDate "2022.09.17"]
[EventType "swiss"]
[EventRounds "9"]
[EventCountry "AUT"]
[SourceTitle "CBM 210 Extra"]
[Source "ChessBase"]
[SourceDate "2022.11.30"]
[SourceVersion "1"]
[SourceVersionDate "2022.11.30"]
[SourceQuality "1"]

1. e4 c5 2. Nf3 Nc6 3. d4 cxd4 4. Nxd4 Nf6 5. Nc3 g6 6. Be3 Bg7 7. Be2 0-0 8. 0-0 d5 9. exd5 Nb4 10. d6 Qxd6 11. Ncb5 Qd7 12. Qd2 Nbd5 13. Rad1 Nxe3 14. Qxe3 a6 15. Nf3 Ng4 16. Qf4 e5 17. Qb4 Qf5 18. Nd6 Qxc2 19. Nxc8 Qxc8 20. Rc1 a5 21. Qa4 b5 22. Bxb5 Qb8 23. Bc6 e4 24. Bxa8 Qxa8 25. Ng5 Qb8 26. g3 Qe5 27. h4 Bh6 28. Qxe4 Qxe4 29. Nxe4 Bxc1 30. Rxc1 Rb8 31. b3 Rb4 32. Rc4 Rb6 33. Rc5 f5 34. Nc3 Ra6 35. Nd5 Ra7 36. Rc8+ Kf7 37. Rc7+ Rxc7 38. Nxc7 Ne5 39. a3 Ke7 40. Nd5+ Ke6 41. Ne3 Kd6 42. Kg2 1-0

[Event "Vienna State-chB"]
[Site "Vienna"]
[Date "2022.09.20"]
[Round "4"]
[White "Bytyqi, Kujtim"]
[Black "Deak Sala, Emilia"]
[Result "0-1"]
[WhiteElo "1862"]
[BlackElo "1787"]
[PlyCount "54"]
[EventDate "2022.09.17"]
[EventType "swiss"]
[EventRounds "9"]
[EventCountry "AUT"]
[SourceTitle "CBM 210 Extra"]
[Source "ChessBase"]
[SourceDate "2022.11.30"]
[SourceVersion "1"]
[SourceVersionDate "2022.11.30"]
[SourceQuality "1"]

1. d4 Nf6 2. c4 g6 3. Nc3 Bg7 4. e4 d6 5. Be2 0-0 6. Be3 Nbd7 7. g4 c5 8. d5 Qa5 9. Qd2 Ne5 10. h3 Qb4 11. b3 Nfxg4 12. hxg4 Nf3+ 13. Nxf3 Bxc3 14. Ng5 f6 15. Nf3 Bxg4 16. Rc1 Bxd2+ 17. Bxd2 Qa3 18. Rc2 a5 19. Rh6 a4 20. Bc1 Qb4+ 21. Bd2 Qb6 22. bxa4 Qb1+ 23. Rc1 Qxe4 24. Rc3 Rxa4 25. Re3 Qb1+ 26. Bd1 Rxa2 27. Ke2 Qc1 0-1